Гендерное неравенство: исторический и современный аспекты; Актуальные проблемы гуманитарных наук

Dades bibliogràfiques
Parent link:Актуальные проблемы гуманитарных наук.— 2012.— [С. 226-229]
Autor principal: Говорова Л. П. Лариса Павловна
Autor corporatiu: Национальный исследовательский Томский политехнический университет (ТПУ)
Sumari:Заглавие с титульного листа
Idioma:rus
Publicat: 2012
Col·lecció:Философия науки и образования
Matèries:
Accés en línia:http://www.lib.tpu.ru/fulltext/v/Conferences/2012/C1/095.pdf
Format: MixedMaterials Electrònic Capítol de llibre
KOHA link:https://koha.lib.tpu.ru/cgi-bin/koha/opac-detail.pl?biblionumber=230544

MARC

LEADER 00000nla2a2200000 4500
001 230544
005 20231031202547.0
035 |a (RuTPU)RU\TPU\book\251440 
035 |a RU\TPU\book\251428 
090 |a 230544 
100 |a 20130123d2012 k y0rusy50 ca 
101 0 |a rus 
102 |a RU 
105 |a y z 101zy 
135 |a drnn ---uucaa 
181 0 |a i  
182 0 |a b 
200 1 |a Гендерное неравенство: исторический и современный аспекты  |b Электронный ресурс  |f Л. П. Говорова 
203 |a Текст  |c электронный 
215 |a 1 файл (267 Кб) 
225 1 |a Философия науки и образования 
230 |a Электронные текстовые данные (1 файл : 267 Кб) 
300 |a Заглавие с титульного листа 
320 |a [Библиогр.: с. 229 (10 назв.)] 
337 |a Adobe Reader 
463 1 |0 (RuTPU)RU\TPU\book\240857  |t Актуальные проблемы гуманитарных наук  |o сборник научных трудов студентов, аспирантов и молодых ученых 5-6 апреля 2012 г., Томск  |f Национальный исследовательский Томский политехнический университет (ТПУ)   |v [С. 226-229]  |d 2012 
610 1 |a труды учёных ТПУ 
610 1 |a электронный ресурс 
610 1 |a гендерное неравенство 
610 1 |a исторические аспекты 
610 1 |a современные модели 
700 1 |a Говорова  |b Л. П.  |c химик-технолог  |c инженер Томского политехнического университета  |f 1989-  |g Лариса Павловна  |2 stltpush  |3 (RuTPU)RU\TPU\pers\30519 
712 0 2 |a Национальный исследовательский Томский политехнический университет (ТПУ)  |c (2009- )  |2 stltpush  |3 (RuTPU)RU\TPU\col\15902 
801 1 |a RU  |b 63413507  |c 20120830 
801 2 |a RU  |b 63413507  |c 20140312  |g RCR 
856 4 |u http://www.lib.tpu.ru/fulltext/v/Conferences/2012/C1/095.pdf 
942 |c CF